=LDR 00000nam 2200000 4500 =001 NUTBA000000000004796 =005 20141003112007.0 =006 =007 =008 =020 ##$$a 979-22-2778-4 =035 ##$$0010-101400000000026 =040 ##$$a Ind =082 ##$$a 613.2 =090 ##$$a 613.2$bFle l =100 ##$$a Fletcher =245 ##$$a No diet diet$bLangsing tanpa diet$cFletcher =260 ##$$a Jakarta$bGramedia$c2007 =300 ##$$a 236 Hlm$bIlus$c21 cm. =850 ##$$a NBPNMAT =990 ##$$a 20902772 =990 ##$$a 0001/BPAP-NTB/20142014 =990 ##$$a 0001/BPAP-NTB/2015 =990 ##$$a 20902771 =990 ##$$a 0001/BPAP-NTB/2015